000 00355nam a2200145Ia 4500
008 230711s9999||||xx |||||||||||||| ||und||
041 _aENG
082 _a624
_bSP-B
100 _aSpedding,ALan
245 0 _aBuilding maintenance economics and management
250 _a1st
260 _c1987
_aNew York
_bWendy W
650 _aCivil Engineering
942 _cBK
999 _c410
_d410